Gabčíkovo - Nagymaros /

Enregistré dans:
Détails bibliographiques
Auteur principal: Strähle, Gustáv (Auteur)
Autres auteurs: Kujan, Miroslav (Éditeur intellectuel)
Format: Livre
Langue:slovaque
Publié: Bratislava : Vodohospodárska výstavba, 1978
Édition:1. vydanie
Sujets:
Tags: Ajouter un tag
Pas de tags, Soyez le premier à ajouter un tag!

MARC

LEADER 00000nam a22000003a 4500
001 0109443
003 SK-STU
005 20240521145615.5
007 ta
008 240521s ----xo-----e------000-0-----d
040 |a STU  |b slo 
041 0 |a slo 
044 |a xo 
100 1 |a Strähle, Gustáv  |4 aut 
245 1 0 |a Gabčíkovo - Nagymaros /  |c aut. Gustáv Strähle ; ed. Miroslav Kujan 
250 |a 1. vydanie 
260 |a Bratislava :  |b Vodohospodárska výstavba,  |c 1978 
300 |a nestr. 
650 0 7 |a vodohospodárske stavby 
650 0 7 |a história vodného diela 
650 0 7 |a výstavba 
650 0 7 |a Vodné dielo Gabčíkovo 
700 1 |a Kujan, Miroslav  |4 edt 
996 |b 284AU10011  |c A* 13380/U  |l AAKNAR  |s A  |a 24  |w 0109443_0001